000 00593nam a22002177a 4500
003 OSt
005 20140310181933.0
008 130723t xxu||||| |||| 00| 0 eng d
020 _a0710502273
050 _aPR 4057
_b.B188 199-
082 _aCLA B21c
_b19
100 _aBallantyne, R.M.
_93097
245 _aThe coral island :
_ba tale of the Pacific ocean /
_cR.M. Ballantyne
260 _aBridlington, England :
_bPeter Haddock,
_c199-
300 _a157 p.
_c20 cm.
541 _j1
541 _g2
562 _e2
650 _aFiction
_9746
942 _2lcc
_cBK-KF
_kCLA
999 _c7461
_d7461